A continent decides : (Record no. 25892)
[ view plain ]
| 000 -LEADER | |
|---|---|
| fixed length control field | 01006cam a22002891 4500 |
| 001 - CONTROL NUMBER | |
| control field | 25892 |
| 003 - CONTROL NUMBER IDENTIFIER | |
| rucl marc code | BD-RjUL |
| 005 - DATE AND TIME OF LATEST TRANSACTION | |
| control field | 20211209050937.0 |
| 008 - FIXED-LENGTH DATA ELEMENTS--GENERAL INFORMATION | |
| fixed length control field | 140319s1953 - 001 0 eng d |
| 035 ## - SYSTEM CONTROL NUMBER | |
| System control number | (BD-RjUL)25962 |
| System control number | (OCoLC)1246498 |
| 040 ## - CATALOGING SOURCE | |
| Original cataloging agency | DLC |
| Transcribing agency | OClW |
| Modifying agency | Uk |
| -- | BD-RjUL |
| Language of cataloging | eng |
| 041 ## - LANGUAGE CODE | |
| Language code of text/sound track or separate title | eng |
| 082 ## - DEWEY DECIMAL CLASSIFICATION NUMBER | |
| Classification number | 954.09 |
| Author mark and year | BIC 1953 |
| 100 1# - MAIN ENTRY--PERSONAL NAME | |
| Personal name | Birdwood, Lord |
| 9 (RLIN) | 79560 |
| 245 12 - TITLE STATEMENT | |
| Title | A continent decides : |
| Remainder of title | introducing two new members in the great and diverse family of the Commonwealth, and some of the problems which they offer for our understanding and solution / |
| 260 ## - PUBLICATION, DISTRIBUTION, ETC. (IMPRINT) | |
| Place of publication, distribution, etc. | London : |
| Name of publisher, distributor, etc. | Robert Hale Ltd., |
| Date of publication, distribution, etc. | 1953. |
| 300 ## - PHYSICAL DESCRIPTION | |
| Pagination | xvii, 315 p. : |
| Illustrations | ill. ; |
| Size | 23 cm. |
| 504 ## - BIBLIOGRAPHY, ETC. NOTE | |
| Bibliography, etc | Includes index. |
| 650 ## - SUBJECT ADDED ENTRY--TOPICAL TERM | |
| Topical term or geographic name as entry element | India Politics and government. |
| 9 (RLIN) | 79561 |
| 651 #0 - SUBJECT ADDED ENTRY--GEOGRAPHIC NAME | |
| Geographic name | India |
| General subdivision | Politics and government. |
| 9 (RLIN) | 79562 |
| Geographic name | Pakistan |
| General subdivision | Politics and government. |
| 9 (RLIN) | 79563 |
| Geographic name | Kashmir, Politics & government. |
| 9 (RLIN) | 79564 |
| 942 ## - ADDED ENTRY ELEMENTS (KOHA) | |
| Source of classification or shelving scheme | Dewey Decimal Classification |
| Koha item type | Books |
| Lost status | Source of classification or shelving scheme | Damaged status | Not for loan | Collection code | Permanent Location | Current Location | Shelving location | Date acquired | Source of acquisition | Cost, normal purchase price | Total Checkouts | Full call number | Date last seen | Copy number | Koha item type |
|---|---|---|---|---|---|---|---|---|---|---|---|---|---|---|---|
| Dewey Decimal Classification | Added to bundle | Non-fiction | Central Library, University of Rajshahi | Central Library, University of Rajshahi | Reading Room | 08/12/1955 | published Ltd. | 17.00 | 954.09 BIC 1953 | 19/03/2014 | C-1 | Books |